Focus on the UK mainstream residential recovery (Record no. 111244)

MARC details
000 -LEADER
fixed length control field 01240cad a22002175a 4500
001 - CONTROL NUMBER
control field L151237
008 - FIXED-LENGTH DATA ELEMENTS--GENERAL INFORMATION
fixed length control field 101011s2010 xxk f 000 0 eng d
035 ## - SYSTEM CONTROL NUMBER
System control number (Sirsi) u151237
041 0# - LANGUAGE CODE
Language code of text/sound track or separate title eng
050 04 - LIBRARY OF CONGRESS CALL NUMBER
Classification number 306.1 $2 18
110 2# - MAIN ENTRY--CORPORATE NAME
Corporate name or jurisdiction name as entry element EC Harris
9 (RLIN) 4930
245 00 - TITLE STATEMENT
Title Focus on the UK mainstream residential recovery
Remainder of title the UK mainstream residential recovery from underwater to dry water
Medium [electronic resource]
260 ## - PUBLICATION, DISTRIBUTION, ETC.
Place of publication, distribution, etc. [S.l.]
Name of publisher, distributor, etc. s.n.]
Date of publication, distribution, etc. 2010?]
520 ## - SUMMARY, ETC.
Summary, etc. Results of market research using real project data to extrapolate gross margin postion over an eight year timeframe from the peak of the market in late 2007 through to projected scenarios of schemes completing in 2015. Types of schemes selected include Inner London (all projects) Inner London (high rise), Outer London/Home Counties (all projects) Outer London/Home Counties (low density) and Provincial Town/City (all projects).
590 ## - LOCAL NOTE (RLIN)
Local note KA
651 #4 - SUBJECT ADDED ENTRY--GEOGRAPHIC NAME
Geographic name England and Wales
Chronological subdivision 1543-
690 ## - LOCAL SUBJECT ADDED ENTRY--TOPICAL TERM (OCLC, RLIN)
Topical term or geographic name as entry element Residential property
9 (RLIN) 6266
710 1# - ADDED ENTRY--CORPORATE NAME
Corporate name or jurisdiction name as entry element Savills Research
9 (RLIN) 5211
856 40 - ELECTRONIC LOCATION AND ACCESS
Uniform Resource Identifier <a href="https://pdf.euro.savills.co.uk/uk-research/focus-on-the-uk-mainstream-residential-recovery.pdf">https://pdf.euro.savills.co.uk/uk-research/focus-on-the-uk-mainstream-residential-recovery.pdf</a>
Public note View the document free of charge (requires onsite registration) at www.savills.co.uk
942 ## - ADDED ENTRY ELEMENTS (KOHA)
Suppress in OPAC 0
Holdings
Withdrawn status Lost status Source of classification or shelving scheme Damaged status Not for loan Home library Current library Shelving location Date acquired Total Checkouts Full call number Barcode Date last seen Copy number Price effective from Koha item type
    Dewey Decimal Classification     Virtual Virtual Online 11/10/2010   ONLINE PUBLICATION 151237-2001 06/08/2019 1 06/08/2019 Book